[Event "Agneaux St Lo U18 op"]
[Site "Agneaux"]
[Date "2004.07.11"]
[Round "4"]
[White "Barbet, Loic"]
[Black "Ciobanu, Camelia Adriana"]
[Result "1-0"]
[WhiteElo "2030"]
[BlackElo "2254"]
[PlyCount "45"]
[EventDate "2004.07.08"]
[EventType "swiss"]
[EventRounds "9"]
[EventCountry "FRA"]
[SourceTitle "EXT 2005"]
[Source "ChessBase"]
[SourceDate "2004.11.15"]
[SourceVersion "1"]
[SourceVersionDate "2004.11.15"]
[SourceQuality "1"]

1. e4 d6 2. d4 Nf6 3. Nc3 g6 4. f3 c6 5. Be3 b5 6. Bd3 Nbd7 7. Qd2 Qc7 8. 0-0-0 e5 9. g4 Nb6 10. g5 Nfd7 11. f4 b4 12. Nce2 c5 13. dxc5 dxc5 14. Bb5 a6 15. Bxd7+ Bxd7 16. Nf3 Bc6 17. Nxe5 Bxe4 18. Rhe1 Bg7 19. Ng3 Bxe5 20. Bxc5 Bxb2+ 21. Kb1 Qxc5 22. Nxe4 Qa5 23. Qd6 1-0

[Event "Agneaux St Lo U18 op"]
[Site "Agneaux"]
[Date "2004.07.08"]
[Round "1"]
[White "Ciobanu, Camelia Adriana"]
[Black "Chirita Mihaila, Marius Constantin"]
[Result "1/2-1/2"]
[WhiteElo "2254"]
[BlackElo "1993"]
[PlyCount "92"]
[EventDate "2004.07.08"]
[EventType "swiss"]
[EventRounds "9"]
[EventCountry "FRA"]
[SourceTitle "EXT 2005"]
[Source "ChessBase"]
[SourceDate "2004.11.15"]
[SourceVersion "1"]
[SourceVersionDate "2004.11.15"]
[SourceQuality "1"]

1. e4 c5 2. Nf3 e6 3. d3 d5 4. Nbd2 Be7 5. g3 Nf6 6. Bg2 Nc6 7. 0-0 0-0 8. e5 Nd7 9. Re1 Qc7 10. Qe2 b5 11. c3 Bb7 12. h4 b4 13. Nf1 Rfe8 14. Bf4 bxc3 15. bxc3 Qa5 16. c4 dxc4 17. dxc4 Rab8 18. Rad1 Red8 19. h5 Nf8 20. g4 Rxd1 21. Rxd1 Rd8 22. Rxd8 Qxd8 23. N1d2 Nd4 24. Nxd4 Qxd4 25. Bxb7 Qxf4 26. Bc6 f6 27. exf6 Bxf6 28. Nb3 Qd6 29. Be4 Nd7 30. Bc2 Be7 31. Qd3 Qxd3 32. Bxd3 Ne5 33. Be2 Kf8 34. f4 Nc6 35. Kg2 Bd6 36. Kf3 Ke7 37. Ke4 g6 38. h6 Kf6 39. g5+ Kf7 40. Bd3 Nb4 41. Bb1 Nc6 42. Kf3 Ne7 43. Na5 Nc8 44. Nc6 Bc7 45. Bd3 a6 46. a3 Nb6 1/2-1/2